000 00422nam a22001571a 4500
020 _a9780195639261
082 _a954
_bKAU/T
245 _aTraveller's India :
_ban anthology/
_cby H K Kau (ed.)
260 _aNew Delhi:
_bOxford University Press,
_c1998.
300 _a536p.
650 _aTravelogue
_980265
650 _aHistory India
_980266
650 _aHistory
_980267
700 _aH K Kau (ed.)
_980268
942 _cBK
999 _c47532
_d47532